A dm Kft. környezetbarát termékeinek ismerete, és azok tudatosítása a fogyasztókban

Bibliográfiai részletek
Szerző: Margull Diána
További közreműködők: Németh Dr. Patrícia
Dokumentumtípus: Diplomadolgozat
Kulcsszavak:Környezetbarát
tudatos fogyasztó
dm Kft.
Ökomarketing
Drogéria
Online Access:http://dolgozattar.uni-bge.hu/18826

MARC

LEADER 00000nta a2200000 i 4500
001 dolg18826
005 20190227140101.0
008 181204suuuu hu om 000 hun d
040 |a BGE Dolgozattár Repozitórium  |b hun 
041 |a hu 
100 1 |a Margull Diána 
245 1 2 |a A dm Kft. környezetbarát termékeinek ismerete, és azok tudatosítása a fogyasztókban  |c Margull Diána  |h [elektronikus dokumentum] 
695 |a Környezetbarát 
695 |a tudatos fogyasztó 
695 |a dm Kft. 
695 |a Ökomarketing 
695 |a Drogéria 
700 1 |a Németh Dr. Patrícia  |e ths 
856 4 0 |u http://dolgozattar.uni-bge.hu/18826/1/Margull%20Di%C3%A1na_RR9SH_KM.pdf  |z Dokumentum-elérés